书目信息 |
| 题名: |
怎样车削有色金属的工件
|
|
| 作者: | 史庭惠 编著 | |
| 分册: | ||
| 出版信息: | 北京 机械工业出版社 1966 |
|
| 页数: | 56页 | |
| 开本: | 19cm | |
| 丛书名: | ||
| 单 册: | ||
| 中图分类: | TG510.6 | |
| 科图分类: | ||
| 主题词: | 车削-有色金属 , 有色金属-车削 | |
| 电子资源: | ||
| ISBN: | ||
| 000 | 00709nam0 2200253 45 | |
| 001 | 0181000050 | |
| 005 | 20070802104635.67 | |
| 010 | @dCNY0.17 | |
| 091 | @aT15033.4010 | |
| 100 | @a19950629d1966 em y0chiy0121 ea | |
| 101 | 0 | @achi |
| 102 | @aCN@b110000 | |
| 105 | @ay z 000yy | |
| 200 | 10 | @a怎样车削有色金属的工件@Azen yang che xiao you se jin shu de gong jian@f史庭惠编著@Fshi ting hui bian zhu |
| 210 | @a北京@c机械工业出版社@d1966 | |
| 215 | @a56页@d19cm | |
| 300 | @a机械工人学习材料 | |
| 606 | @a车削-有色金属 | |
| 606 | @a有色金属-车削 | |
| 690 | @aTG510.6@v3 | |
| 701 | 0 | @a史庭惠@Ashi ting hui@4编著 |
| 801 | 2 | @aCN@bNLC@c20070802 |
| 801 | 0 | @aCN@bTSSF |
| 905 | @a10447@dTG510.6@e43 | |
| 怎样车削有色金属的工件/史庭惠编著.-北京:机械工业出版社,1966 |
| 56页;19cm |
| 机械工人学习材料 |
| ISBN :CNY0.17 |
| ● |
| 相关链接 |
|
|
|
|
正题名:怎样车削有色金属的工件
索取号:TG510.6/43
 
预约/预借
| 序号 | 登录号 | 条形码 | 馆藏地/架位号 | 状态 | 备注 |
| 1 | 0790625 | 207906257 | 第二样本阅览室/ [索取号:TG510.6/43] | 在馆 |